LEADER 01232nam a2200289 u 4500 001 000000012612 003 CaOOAMICUS 005 20070226105545.0 008 940517s1973 gw u000 u ger u 020 $a3-451-02061-0 035 $a10304153 040 $aPUL(R)$bita 245 00$aErlösung und Emanzipation /$cRudolf Affemann ... [et al.] ; hrsg. von Leo Scheffczyk. 260 $aFreiburg ;$aBasel ;$aWien :$bHerder,$c1973. 300 $a154 p. ;$c23 cm 490 1 $aQuaestiones disputatae ;$v61 650 4$aSalvezza.$0(OLS)http://pul/subject/2067 700 1 $aScheffczyk, Leo,$ccard.,$d1920-2005.$0(OLS)http://pul/name/11986 700 1 $aAffemann, Rudolf.$0(OLS)http://pul/name/11985 830 0$aQuaestiones disputatae (Herder) ;$v61.$0(OLS)http://pul/title/18243 850 $aPUL 852 $aPUL$W1$xSL Religione 2$y84$mTheol A6 61$j17817$nBK-PRI$b $qStampati altre collocazioni$B17817$CPULBib$Z2$F17817 $H $81 941 1 $a10 961 $aINV: 39181 996 $6020$a3-451-02061-0$9(OLS)http://pul/number/16122 996 $6245$aErlösung und Emanzipation$9(OLS)http://pul/title/18244 996 $6260$aFreiburg ;$aBasel ;$aWien :$bHerder$9(OLS)http://pul/publisher/48104 LEADER 01413cam a2200313 a 4500 001 000000166726 003 CaOOAMICUS 005 20180315103753.0 008 180315s2018 enk b 000 u eng r 020 $a978-0-567- 601-0* 032 $aLibriCat 040 $aPUL$bita 082 04$a225.6 100 1 $aJennings, Mark A.$0(OLS)http://pul/name/107548 245 14$aThe price of partnership in the Letter of Paul to the Philippians :$b"make my joy complete" /$cMark A. Jennings. 260 $aLondon, New York :$bBloomsbury T&T Clark,$c2018. 300 $axiv, 225 p. ;$c24 cm. 490 1 $aLibrary of New Testament studies ;$v578 504 $aInclude bibliografia e indici. 630 04$aBiblia.$pN.T.$pAd Philippenses.$0(OLS)http://pul/subject/15112 830 0$aLibrary of New Testament studies ;$v578.$0(OLS)http://pul/title/158087 850 $aPUL 852 $aPUL$W1$xSL Religione 3$y85$m225. 6 COLL 1.578$j191195$qDDC 21$B194172$CPULBib$Z2$F194172 $H130650 $81 941 1 $a9 996 $6020$a978-0-567- 601-0*$9(OLS)http://pul/number/163700 996 $6082$a225.6$9(OLS)http://pul/classification/1734 996 $6245$aThe price of partnership in the Letter of Paul to the Philippians :$b"make my joy complete"$9(OLS)http://pul/title/206479 996 $6260$aLondon, New York :$bBloomsbury T&T Clark$9(OLS)http://pul/publisher/82359